000 00358pam a2200157a 44500
008 230515b1985 xxu||||| |||| 00| 0 eng d
020 _aNULL
041 _aENGLISH
082 _a621.38132 PUC
100 _aPUCEL ROBERT A
245 _aMONOLITHIC MICROWAVE INTEGRATED CIRCUITS
250 _a1
260 _a
_bNA
_c1985
300 _aIX
650 _aNULL
999 _c638029
_d638029